A-Z illustrated encyclopedia of earth science / (Record no. 363412)
[ view plain ]
| 000 -LEADER | |
|---|---|
| fixed length control field | 00551nam a2200193Ia 4500 |
| 008 - FIXED-LENGTH DATA ELEMENTS--GENERAL INFORMATION | |
| fixed length control field | 200601s9999 xx 000 0 und d |
| 020 ## - INTERNATIONAL STANDARD BOOK NUMBER | |
| International Standard Book Number | 81-7524-144-6 |
| 050 ## - LIBRARY OF CONGRESS CALL NUMBER | |
| Classification number | REF QE 5 |
| 050 ## - LIBRARY OF CONGRESS CALL NUMBER | |
| Item number | .A86 2003 |
| 245 #0 - TITLE STATEMENT | |
| Title | A-Z illustrated encyclopedia of earth science / |
| 245 #0 - TITLE STATEMENT | |
| Statement of responsibility, etc | edited & compiled by Priyanka Narang. |
| 260 ## - PUBLICATION, DISTRIBUTION, ETC. (IMPRINT) | |
| Place of publication, distribution, etc | New Delhi, India: |
| 260 ## - PUBLICATION, DISTRIBUTION, ETC. (IMPRINT) | |
| Name of publisher, distributor, etc | KSK Publishers & Distributors |
| 260 ## - PUBLICATION, DISTRIBUTION, ETC. (IMPRINT) | |
| Date of publication, distribution, etc | 2003 |
| 300 ## - PHYSICAL DESCRIPTION | |
| Extent | 472 pages : |
| 300 ## - PHYSICAL DESCRIPTION | |
| Other physical details | illustrations ; |
| 300 ## - PHYSICAL DESCRIPTION | |
| Dimensions | 23 cm. |
| 650 ## - SUBJECT ADDED ENTRY--TOPICAL TERM | |
| Topical term or geographic name as entry element | Earth science -- Dictionaries -- English. |
| Withdrawn status | Lost status | Damaged status | Home library | Current library | Shelving location | Date acquired | Total Checkouts | Full call number | Barcode | Date last seen | Price effective from | Koha item type |
|---|---|---|---|---|---|---|---|---|---|---|---|---|
| South Mansfield College | South Mansfield College | Reference Section | 06/01/2020 | REF QE 5 .A86 2003 | SMC01946 | 06/01/2020 | 06/01/2020 | Books |